| 000 | 01322cam a2200253 4500 | ||
|---|---|---|---|
| 001 | ABS66441 | ||
| 008 | 030219n2003 000 0 eng u | ||
| 035 | _a(Sirsi) u121396 | ||
| 100 | _aBright, J. | ||
| 245 | _aLies, damn lies and assessments | ||
| 260 | _c2003 | ||
| 490 |
_aHousing Today _v(316) 16 January 2003, 16-18(3) |
||
| 520 | _aCriticises the new ODPM fit for purpose assessment under the Housing Investment Programme (HIP) which has judged that only one in 10 English housing authorities has drawn up a housing business plan or strategy deemed fit for purpose, a figure which ignores the full operational context in which housing authorities work. The fit for purpose assessment impacts on a council's HIP rating which is linked to funding and on its comprehensive performance assessment (CPA) scoring. The exercise was more burdensome for smaller authorities and the 2002 submission was marred by the late issue of guidance and the short time available to produce the submission. | ||
| 590 | _aABS | ||
| 650 | _aBUSINESS PLANS | ||
| 650 | _aLOCAL AUTHORITIES | ||
| 650 | _aHOUSING AUTHORITIES | ||
| 650 | _aHOUSING INVESTMENT PROGRAMME | ||
| 650 | _aHOUSING POLICIES | ||
| 650 | _aHOUSING STRATEGIES | ||
| 650 | _aPERFORMANCE ASSESSMENT | ||
| 690 |
_aAffordable housing _96215 |
||
| 942 | _n0 | ||
| 999 |
_c72135 _d72135 |
||